000 03889nam a2200409 a 4500
001 00013045
003 WSP
005 20260416153410.0
007 cr |nu|||unuuu
008 221123s2023 si ob 001 0 eng d
010 _a 2022051286
020 _a9789811263033
_q(ebook)
020 _a9811263035
_q(ebook)
020 _z9789811263026
_q(hbk.)
040 _aWSPC
_beng
_cWSPC
050 4 _aRA652.2.M3
072 7 _aMAT
_x003000
_2bisacsh
072 7 _aSCI
_x003000
_2bisacsh
072 7 _aMAT
_x034000
_2bisacsh
082 0 4 _a614.40727
_223
049 _aMAIN
245 0 0 _aComputational and mathematical population dynamics /
_ceditors, Necibe Tuncer ... [et al.].
260 _aSingapore :
_bWorld Scientific,
_cc2023.
300 _a1 online resource (xii, 457 p.)
504 _aIncludes bibliographical references and index.
505 0 _aWolbachia invasion and establishment in Aedes aegypti populations to suppress Zika transmission -- Dynamics and optimal control of HIV infection and opioid addiction -- The effect of lockdown on mean persistence time of highly infectious diseases: a stochastic model based study -- A model of virus infection with immune responses supports boosting CTL response to balance antibody response -- Structural and practical identifiability analysis of a multiscale immuno-epidemiological model -- Multiple dimensions of Aedes aegypti population growth: modeling the impacts of resource dependence on mass and age at emergence -- Novel hybrid continuous-discrete-time epidemic models -- Extending analytical solutions to age-mass models of a population -- Solving singular control problems in mathematical biology using PASA -- Phase locking and Lyapunov exponent behavior in brain networks of epileptic patients.
520 _a"This book is a collection of works that represent the recent advancements in computational and mathematical methods applied to population dynamics. It concentrates on both development of new tools as well as on innovative use of existing tools to obtain new understanding of biological systems. The volume introduces new state-of-the-art techniques for defining and solving numerically control problems in mathematical biology in which the control appears linearly. Such problems produce simpler optimal controls that can be implemented in practice. The book further develops tools for fitting multi-scale models to multi-scale data and studying the practical identifiability of the parameters from multi-scale data. Novel model of Zika with Wolbahia infection in mosquitoes suggests that the most suitable control strategy to control Zika in the absence of Wolbahia is killing mosquitoes but the most suitable strategy when mosquitoes are Wolbahia infected is the treatment of humans. A completely novel methodology of developing discrete-continuous hybrid models of multi-species interactions is also introduced together with avantgarde techniques for discrete-continuous hybrid models analysis. A mathematical model leads to new observations of the within-host virus dynamics and its interplay with the immune responses. In particular, it is observed that the parameters promoting CTL responses need to be boosted over parameters promoting antibody production to obtain a biologically relevant steady state. A novel stochastic model of COVID-19 investigates quarantine and lock down as important strategies for control and elimination of COVID-19"--
_cPublisher's website.
538 _aMode of access: World Wide Web.
538 _aSystem requirements: Adobe Acrobat Reader.
650 0 _aEpidemiology
_xMathematical models.
650 0 _aCommunicable diseases
_xMathematical models.
650 0 _aMedicine
_xMathematical models.
655 0 _aElectronic books.
700 1 _aTuncer, Necibe.
856 4 0 _uhttps://www.worldscientific.com/worldscibooks/10.1142/13045#t=toc
942 _cE-BOOK
999 _c49749
_d49749